书目信息 |
| 题名: |
西方当代美术批评文选
|
|
| 作者: | 易英 主编 | |
| 分册: | 下册 | |
| 出版信息: | 石家庄 河北美术出版社 2008 |
|
| 页数: | 351-656页 | |
| 开本: | 24cm | |
| 丛书名: | ||
| 单 册: | ||
| 中图分类: | J051.956-53 | |
| 科图分类: | ||
| 主题词: | 艺术评论--西方国家--现代--文集 , 艺术评论 | |
| 电子资源: | ||
| ISBN: | 978-7-5310-2918-2 | |
| 000 | 01017nam0 2200253 45 | |
| 001 | 1130133812 | |
| 005 | 20110309143627.45 | |
| 010 | @a978-7-5310-2918-2@dCNY64.00(全2册128.00) | |
| 100 | @a20110228d2008 em y0chiy50 ea | |
| 101 | 0 | @achi |
| 102 | @aCN@b130000 | |
| 105 | @aa z 000yy | |
| 106 | @ar | |
| 200 | 1 | @a西方当代美术批评文选@AXi Fang Dang Dai Mei Shu Pi Ping Wen Xuan@dAn anthology of contemporary art of criticism in the west@h下册@HXia Ce@f易英主编@FYi Ying Zhu Bian@zeng |
| 210 | @a石家庄@c河北美术出版社@d2008 | |
| 215 | @a351-656页@c图@d24cm | |
| 330 | @a本书收录有“现实主义: 一种观看方式”、“走进视像装置”、“陌生的维米尔”、“木块中的形象”、“俗艳之女”、“被鄙视的欢乐”、“纸与自然”等。 | |
| 510 | 1 | @aAnthology of contemporary art of criticism in the west@zeng |
| 606 | 0 | @a艺术评论@y西方国家@z现代@j文集 |
| 606 | 0 | @a艺术评论 |
| 690 | @aJ051.956-53@v4 | |
| 701 | 0 | @a易英@AYi Ying@f(1953~)@4主编 |
| 801 | 0 | @aCN@bTANGWEI@c20110309 |
| 905 | @b0529721@dJ051.956-53@e251:2@f1 | |
| 西方当代美术批评文选=An anthology of contemporary art of criticism in the west.下册/易英主编.-石家庄:河北美术出版社,2008 |
| 351-656页:图;24cm |
| ISBN 978-7-5310-2918-2:CNY64.00(全2册128.00) |
| 本书收录有“现实主义: 一种观看方式”、“走进视像装置”、“陌生的维米尔”、“木块中的形象”、“俗艳之女”、“被鄙视的欢乐”、“纸与自然”等。 |
| ● |
| 相关链接 |
|
|
|
|
正题名:西方当代美术批评文选
索取号:J051.956-53/251:2
 
预约/预借
| 序号 | 登录号 | 条形码 | 馆藏地/架位号 | 状态 | 备注 |
| 1 | 0529721 | 205297212 | 第一样本阅览室/ [索取号:J051.956-53/251:2] | 在馆 |